000 00986nam a22002537a 4500
999 _c2295
_d2295
003 AR-CdUCM
008 190304b ||||| |||| 00| 0 spa d
040 _aMUNICIPALIDAD PROVINCIAL DEL CUSCO
_cBIBLIOTECA MUNICIPAL DEL CUSCO
041 _heng
082 _22ed.
_a925 /
_bB84
100 _aBrowne, Douglas G.
_98285
245 _aCientificos Escritores y Artistas /
_bBernard, Spilsbury El escalpelo de Scotland Yard /
260 _aMéxico D. F. :
_bGrijalbo,
_c1959.
300 _a462 páginas ;
_c22 cm.
_bilustraciones,
440 _aBiografías Gandesa.
_94521
505 _aContenido: Los primeros años (1877.1910) -- El testigo incomparable (1910-25) -- Spilsbury visto por otros -- Los años mas fecundos (1926-39) -- La última fase.
650 _aBiografía
_944071
650 _aInglaterra
_91396
650 _aPatología
_98286
700 _aTullett, E. V. (coautor)
_98287
700 _aSanz Sainz, Pedro (traducción)
_98288
942 _2ddc
_cLIBROS
945 _aachl